Statistics for Gaming numbers quiz

Click here to take the quiz!

General Stats

  • This quiz has been taken 25 times
  • The average score is 7 of 15

Answer Stats

HintAnswer% Correct
Number of play stations so far5
100%
Number of pokemon regions8
89%
Number of default skins in minecraft2
67%
Year among us got popular2020
67%
Number of people that can be red in among us1
61%
Number of skins each fighter has in super smash bros ultimate8
56%
Number of peashooters that can fit in a pea pod5
50%
Number of vents on the skeld in among us14
44%
Number of playable characters in super smash bros ultimate74
44%
Number of pokemon in the kanto region151
39%
Number of games in the zelda franchise38
39%
Year first mario game was released1984
33%
Number of blocks to build limit in minecraft256
33%
Number of tracks IN the sun in sonic0
11%
Number of fortnite skins797
0%

Score Distribution

Percentile by Number Answered

Percent of People with Each Score

Your Score History

You have not taken this quiz